000 00265nam a22001097a 4500
040 _crua
082 _aAID NOV 2018 C011 Or.
245 _aAGRO-INDUSTRY DEVELOPMENT POLICY 2019-2030.
260 _aphnom penh
_brua
_c2018
300 _a13p.
_bill.
_c29cm.
942 _cREC
999 _c22151
_d22151